LA INTEGRACION ECONOMICA CENTROAMERICANA/

INDICE

Guardado en:
Bibliografiske detaljer
Andre forfattere: Lizano F., Eduardo (selección) (selección)
Format: Bog
Serier:LECTURAS; 13
Fag:
Tags: Tilføj Tag
Ingen Tags, Vær først til at tagge denne postø!

MARC

LEADER 00000nam^a2200000^a^4500
001 000224480
005 20250521000000.0
009 20260310104052.025
035 |a 042639 
037 |a Acervo Xavier Clavigero 
082 |a 338. 9728  |b INT V. 
245 1 3 |a LA INTEGRACION ECONOMICA CENTROAMERICANA/  |c SELEC. EDUARDO LIZANO F 
264 |a MEXICO :  |b FONDO DE CULTURA ECONOMICA,  |c 1975 
300 |a V.- 2ej 
336 |a texto  |b txt  |2 rdacontenido 
337 |a sin mediación  |b n  |2 rdamedio 
338 |a volumen  |b nc  |2 rdasoporte 
440 |a LECTURAS;  |v 13 
520 |a INDICE 
649 |a XX 
650 |a Apertura Comercial e Integración Económica -  |z América Central 
650 |a Política Económica -  |z América Central 
700 |a Lizano F., Eduardo  |e (selección) 
910 |a Fondo General 
920 |a Impresos - Libros 
930 |a Colección General 
905 |a 101 
901 |a 042639  |b IT1  |c ACC  |i 042639  |u 20250521 
901 |a 042623  |b IT1  |c ACC  |i 042623  |u 20250521 
902 |a https://opac.biblio.iteso.mx/vufind/Record/000224480